00733nam a2200241 a 4500001001300000003000900013005001700022008004100039020001000080082001400090100002000104245006700124260005300191300000800244500003500252505001500287650002000302700002000322902000800342942000700350952011700357999001700474nice12345678IN_TiNIC20260116015112.0050524s1982 kena grp 000 0 eng  ac10000a251bCOL1 aColeman, Robert aLife in the Living Wordb Bible Lessons for Growing Christians aKentucky, UsabAsbury Theological Seminaryc1982 a58p aincludes index and biblioraphy2 aConclusion aBible-Preaching1 aColeman, Robert bSRS cBK 001040708StackRoom-aHMIbHMId2007-07-09g100.00l0o251 COL1p11000460r2007-07-09v100.00w2005-05-24yBK c18328d18328